000 00406nam a2200169Ia 4500
008 230524s9999 xx 000 0 und d
020 _a0070411670
082 _a4
_bLON
100 _aKevin Lony
_913659
245 0 _aOracle 8i The Complete Reference
250 _a1ST
260 _aNEW DELHI
_bGalgotia
_c1999
300 _aIX;349
500 _aQuantity Number: 1
650 _aComp-Sc
942 _cBK
999 _c19558
_d19558